現存しない施設名が含まれる駅 - Statistics

General Stats
  • This quiz has been taken 161 times
    160 since last reset
  • The average score is 5 of 19
Answer Stats
都道府県 駅名 備考 % Correct
東京都 学芸大学 施設が移転
73%
都立大学 施設が移転
73%
千葉県 行川アイランド
72%
スペースワールド
41%
向ケ丘遊園
28%
豊島園
27%
都立家政 名称のみ消滅
21%
青森県 ウェスパ椿山 一部施設は現存
20%
神奈川県 花月総持寺 地元の意向から改称後も名前の一部として現存
17%
築地市場
13%
広島県 呉ポートピア 施設としては消滅したが自治体が運営する施設としては現存
13%
愛知県 犬山遊園
12%
大阪府 みさき公園 施設としては消滅したが自治体が運営する施設としては現存
11%
京都府 鍼灸大学前 名称のみ消滅
7%
福岡県 香椎花園前
7%
静岡県 アスモ前 名称のみ消滅
6%
岐阜県 みなみ子宝温泉
5%
陶磁資料館南 名称のみ消滅
4%
福島県 田島高校前 名称のみ消滅
3%
No matching quizzes found
Score Distribution
Percent of People with Each Score
Percentile by Number Answered
Your Score History
You have not taken this quiz since the last reset